000 00820nam a22002057a 4500
999 _c20776
_d20776
005 20200130114918.0
008 200130b xxu||||| |||| 00| 0 spa d
040 _aCO-BoIAVH
_cCO-BoIAVH
041 _aspa
044 _ack
110 _aParques Nacionales Naturales de Colombia
245 _aParque Nacional Natural Utría
_cParques Nacionales Naturales de Colombia
260 _as.l:
_bParques Nacionales Naturales de Colombia,
_bEmbajada Real de los Países Bajos,
_bCorporación para la protección ambiental, cultural y el ordenamiento territorial,
_cs.f.
300 _a52 páginas,
_bIlustraciones
_c21 x 21 cm
650 0 _aSelva húmeda tropical
650 0 _aZonas marino-costeras
650 0 _aConservación de ecosistemas
651 _aChocó
942 _2z
_cFolleto